000 00483nam a22001457a 4500
999 _c7697
_d7697
008 190306b ||||| |||| 00| 0 eng d
020 _a2003043868
082 _a610.73 21
100 _aKozier, Barbara.
245 _aFundamentals of nursing : concepts, process, and practice / Barbara Kozier ... [et al.].
250 _a7th ed.
260 _aUpper Saddle River, N.J. :
_bPrentice Hall Health,
_c2004.
300 _axxxiii, 1516 p. :
_b ill. (chiefly col.) ;
_c28 cm.
942 _2ddc